00421nam a2200121Ia 4500008004100000024005600041082001900097100008100116245001600197260002600213600002700239650003300266260210s9999 xx 000 0 und d a12B-06-EL, 12B-09-EL, 12B-10-EL & 12B-30-EL a621.902072 MAA aMaaz Afroz, Yahya Hunaid Siddiqui, M. Saad Khan & Muhammad Shijjeel Qazi 0aPCB Printer aKarachi:bUITU,c2012 aElectrical Engineering aBachelor of Engineering (BE)